000 00316nam a2200121Ia 4500
008 241015s9999 xx 000 0 und d
041 _aeng
082 _a658.155 GHO
100 _aGhosh
245 _aEnd Users' Guide To Risk Management And Derivatives
260 _bWiley India
_aUSA
_c2020
300 _a415;. P. 23 cm
999 _c41853
_d41853